Portugal bajo la espuela militar (Record no. 106923)

MARC details
000 -LEADER
campo de control de longitud fija 00565nam a2200181 4500
001 - NÚMERO DE CONTROL
campo de control 106923
003 - IDENTIFICADOR DE NÚMERO DE CONTROL
campo de control ES-MaACL
005 - FECHA Y HORA DE LA ÚLTIMA TRANSACCIÓN
campo de control 20250905123713.0
007 - CAMPO FIJO DE DESCRIPCIÓN FÍSICA--INFORMACIÓN GENERAL
campo de control de longitud fija t|
008 - DATOS DE LONGITUD FIJA--INFORMACIÓN GENERAL
campo de control de longitud fija 061121s1931 sp r ||||1| spa d
100 1# - ENTRADA PRINCIPAL--NOMBRE DE PERSONA
Nombre de persona Moraes, Leonardo.
9 (RLIN) 82903
245 10 - MENCIÓN DEL TÍTULO
Título Portugal bajo la espuela militar
Resto del título : cien años de terror blanco /
Mención de responsabilidad, etc. por Leonardo Moraes; prólogo de Wenceslao Roces.
260 ## - PUBLICACIÓN, DISTRIBUCIÓN, ETC.
Lugar de publicación, distribución, etc. Madrid :
Nombre del editor, distribuidor, etc. [s.n.],
Fecha de publicación, distribución, etc. 1931.
300 ## - DESCRIPCIÓN FÍSICA
Extensión 32 p. ;
Dimensiones 20 cm.
700 1# - ENTRADA AGREGADA--NOMBRE PERSONAL
Nombre de persona Roces, Wenceslao,
Fechas asociadas al nombre 1897-1992
9 (RLIN) 98039
852 ## - LOCALIZACIÓN
Ubicación ES-MaACL
Número de control de estantería 1749-F-10
Holdings
Estatus retirado Estado de pérdida Estado de daño No para préstamo Colección Biblioteca de origen Biblioteca actual Ubicación en estantería Fecha de adquisición Fuente de adquisición Total de préstamos Signatura topográfica completa Código de barras Visto por última vez Precio de reemplazo Tipo de ítem Koha
        Colección de folletos Biblioteca del Ateneo de Madrid Biblioteca del Ateneo de Madrid Depósito folletos 17/01/2008     1749-F-10 1111605 23/02/2023 23/02/2023 Folleto